000 00690nam a2200265#a 4500
001 00694
003 HDC
007 ta
008 230623s2009 xx 000 0 eng d
020 _a9789675222030 (pbk.).
040 _aHDC
050 _aTX 545
_b.C45 2006
100 _aChia, Joo Suan
245 0 _aEat well, live well :
_byour healthy lifestyle guide /
_cChia Joo Suan
264 _aPetaling Jaya :
_bMPH Group Pub.,
_c2009
300 _axv, 218p. :
_b ill. ;
_c 20cm.
500 _aIncludes index
650 _aFood
_xAnalysis
650 _aFood
_xComposition
650 _aFood
_xHealth aspects
942 _2lcc
942 _cBK
942 _kTX 545
942 _m.C45 2006
999 _c22309
_d22309